000 01110cam a22003014a 4500
001 14075668
003 OSt
005 20140310181730.0
008 050816s2005 nyua b 001 0 eng
010 _a 2005053406
020 _a1594200629 (hardcover)
040 _aDLC
_cDLC
_dDLC
042 _apcc
050 0 0 _aD 843
_b.G22 2005
082 0 0 _aIB 908.825
_bG11 2005
100 1 _aGaddis, John Lewis.
245 1 4 _aThe Cold War :
_ba new history /
_cJohn Lewis Gaddis.
260 _aNew York :
_bPenguin Press,
_c2005.
300 _axii, 333 p. :
_bill.;
_c25 cm.
650 0 _aCold War.
650 0 _aWorld politics
_y1945-1989.
856 4 2 _3Contributor biographical information
_uhttp://www.loc.gov/catdir/enhancements/fy0721/2005053406-b.html
856 4 2 _3Publisher description
_uhttp://www.loc.gov/catdir/enhancements/fy0721/2005053406-d.html
906 _a7
_bcbc
_corignew
_d1
_eocip
_f20
_gy-gencatlg
942 _2lcc
_cBK
999 _c2341
_d2341